000 00315nam a22001337a 4500
008 170529b xxu||||| |||| 00| 0 eng d
020 _a9780131350472
041 _aeng
080 _23 ED
_a62
100 _a27
101 _aIM
245 _aSYSTEM ENGINEERING AND ANALYSIS
_cBLANCHARD.B.S
942 _2udc
_cBK
999 _c14788
_d14788